<?xml version="1.0" encoding="UTF-8"?>
<marc:record xmlns:marc="http://www.loc.gov/MARC21/slim">
   <marc:leader>00000nam a2200000 a 4500</marc:leader>
   <marc:datafield ind1="1" ind2=" " tag="100">
      <marc:subfield code="a">Pancol, Katherine</marc:subfield>
      <marc:subfield code="4">aut</marc:subfield>
      <marc:subfield code="e">Verfasser/-in</marc:subfield>
   </marc:datafield>
   <marc:datafield ind1="0" ind2="0" tag="245">
      <marc:subfield code="a">Les yeux jaunes des crocodiles</marc:subfield>
   </marc:datafield>
   <marc:datafield ind1="0" ind2="0" tag="245">
      <marc:subfield code="b">Roman</marc:subfield>
   </marc:datafield>
   <marc:datafield ind1="0" ind2="0" tag="245">
      <marc:subfield code="c">Katherine Pancol</marc:subfield>
   </marc:datafield>
   <marc:datafield ind1=" " ind2="1" tag="264">
      <marc:subfield code="a">Paris</marc:subfield>
      <marc:subfield code="b">Albin Michel</marc:subfield>
      <marc:subfield code="c">2006</marc:subfield>
   </marc:datafield>
   <marc:datafield ind1="1" ind2=" " tag="520">
      <marc:subfield code="a">Katherine Pancol hat mit diesem Roman ganz Frankreich verzaubert, er hat sie zur beliebtesten Schriftstellerin des Landes gemacht. Im Mittelpunkt stehen zwei Schwestern, die eine hübsch, die andere klug. Jo schreibt einen Roman, die schöne Iris gibt sich als Autorin aus. Das Buch wird ein Riesenerfolg, und das Leben der beiden steht kopf. Und dann gibt es Geliebte, Verlassene, Suchende, Treibende. Und ein junges Mädchen, das die üblichen Probleme hat, erwachsen zu werden. Sie alle reisen mit auf dem Karussell des Lebens, fallen runter, steigen wieder auf, lachen, weinen, verlieren und finden sich. Und natürlich gibt es Krokodile.</marc:subfield>
   </marc:datafield>
   <marc:datafield ind1=" " ind2=" " tag="020">
      <marc:subfield code="a">9782253121206</marc:subfield>
      <marc:subfield code="9">9782253121206</marc:subfield>
   </marc:datafield>
   <marc:datafield ind1=" " ind2=" " tag="020">
      <marc:subfield code="a">2253121207</marc:subfield>
      <marc:subfield code="9">2253121207</marc:subfield>
   </marc:datafield>
   <marc:datafield ind1=" " ind2=" " tag="041">
      <marc:subfield code="a">fre</marc:subfield>
   </marc:datafield>
   <marc:datafield ind1=" " ind2=" " tag="300">
      <marc:subfield code="a">665 S.</marc:subfield>
   </marc:datafield>
</marc:record>
